000 01204nam a2200217Ia 4500
003 Ost
005 20260507074954.0
008 260507s9999||||xx |||||||||||||| ||und||
020 _a9957466488
040 _cfsecg
041 _aara
082 _a330
100 _aالمالكي، عبد الرحمن
_eمؤلف
245 0 _aالسياسة الاقتصادية المثلي /
_c عبد الرحمن المالكي
260 _aعمان:
_bجدارا للكتاب العالمي,
_c[دون تاريخ]
300 _a252 صفحة؛
_c22 سم
520 _aالسياسة الاقتصادية المثلى،الإبقاء على النظام الرأسمالي،فساد النظام الرأسمالي،فساد الاشتراكية الحقيقية،مصادر الاقتصاد،الزراعة،الصناعة،التجارة،سعر الصرف،التأمينات الاجتماعية في الرأسمالية،السياسة الزراعية،السياسة الصناعية،تمويل المشاريع ،أخطار القروض الأجنبية،إيجاد الأسواق الخارجية
653 _aالاقتصاد
653 _aالتخطيط الاقتصادي
942 _cكتاب
999 _c42016
_d42016